The management and control of quality

Saved in:
Bibliographic Details
Main Author: Evans, James R. (James Robert), 1950-
Other Authors: Lindsay, William M.
Format: Book
Language:English
Published: Cincinnati, Ohio : South-Western College, c1999
Edition:4th ed.
Subjects:
Tags: Add Tag
No Tags, Be the first to tag this record!

MARC

LEADER 00000nam a2200000 i 4500
001 1/96873
008 991216s1999 eng d
020 |a 0-538-88242-5 (disk.) 
020 |a 0-324-00046-4 
035 |l 10055925 
040 |a GR-MY-UA  |b gre  |e aacr 
041 0 |a eng 
082 0 |a 658.562 
100 1 |a Evans, James R.   |q (James Robert),   |d 1950- 
245 1 4 |a The management and control of quality /  |c James R. Evans, William M. Lindsay 
250 |a 4th ed. 
260 |a Cincinnati, Ohio :   |b South-Western College,   |c c1999 
300 |a xxii, 838 p. (in various paging)  |e 1 computer disk (3 1/2 in.) 
504 |a Includes index 
650 0 0 |a Quality control. 
650 0 0 |a Total quality management. 
650 0 0 |a Quality assurance. 
700 1 |a Lindsay, William M. 
852 |a INST  |b CHIOS  |e 19991216  |h 658.562 EVA  |p 005200019233  |q 005200019233  |t BK  |y 0 
852 |a INST  |b CHIOS  |e 19991217  |h 658.562 EVA   |p 005200019232  |q 005200019232  |t BK  |y 0 
901 |a BIBL2-1999-3 
909 |a Χ  |b 056023 
909 |a Χ  |b 056024 
922 |a 2ΕΛΗ  |b 199911  |c ΤΝΕΥ  |d ΠΑΠΑΣΩΤΗΡΙΟΥ 
950 |a 125-1999-07-15 
970 |a ΣΠΕΝΤΖΑ  |b ΕΛΕΝΗ  |z 1999/12/17